• 首页
  • 本馆介绍
  • 公告通知
  • 最新文献
  • 馆藏检索
  • 电子资源
  • 读者导购
  • 参考咨询
  • 我的图书馆
  • 登录
  • 详细信息显示
  • 放入我的书架
  • 预约/预借图书
  • 作者相关作品
  • 分类相关作品
  • 丛书相关作品
  • 出版社相关作品

书目信息

  • 表格格式
  • 工作单格式
  • 卡片格式
题名:
中国近代法律思想与法制革新
    
 
作者: 贾孔会 著
分册:  
出版信息: 武汉   武汉大学出版社  2007
页数: 252页
开本: 24cm
丛书名:
单 册:
中图分类: D909.25 , D929.5
科图分类:
主题词: 法律--思想史--中国--近代 , 法制--体制改革--研究--中国--近代 , 法律 , 思想史 , 法制 , 体制改革
电子资源:
ISBN: 978-7-307-05747-0
000 00980nam0 2200289 450
001 1256593789
005 20121003154402.12
010    @a978-7-307-05747-0@dCNY24.00
100    @a20070608d2007 em y0chiy50 ea
101 0  @achi
102    @aCN@b420000
105    @ay z 000yy
200 1  @a中国近代法律思想与法制革新@Azhong guo jin dai fa lv si xiang yu fa zhi ge xin@f贾孔会著
210    @a武汉@c武汉大学出版社@d2007
215    @a252页@d24cm
330    @a本书主要包含两部分的内容:一是研究近代先进人物的法律思想的嬗变,重点是分析中国传统法律思想与文化在近代遇到的挑战;二是研究近代中国法制革新的历史进程,探讨其成功与失败的经验教训。
606 0  @a法律@x思想史@y中国@z近代
606 0  @a法制@x体制改革@x研究@y中国@z近代
606 0  @a法律
606 0  @a思想史
606 0  @a法制
606 0  @a体制改革
690    @aD909.25@v4
690    @aD929.5@v4
701  0 @a贾孔会@Ajia kong hui@f(1968.10~)@4著
801  0 @aCN@bNLC@c20101222
905    @a10447@dD909.25@eJY56
    
    中国近代法律思想与法制革新/贾孔会著.-武汉:武汉大学出版社,2007
    252页;24cm
    
    
    ISBN 978-7-307-05747-0:CNY24.00
    本书主要包含两部分的内容:一是研究近代先进人物的法律思想的嬗变,重点是分析中国传统法律思想与文化在近代遇到的挑战;二是研究近代中国法制革新的历史进程,探讨其成功与失败的经验教训。
●
相关链接 在E读中查询图书 在五车中查询图书 在当当中查询图书 在豆瓣中查询图书


正题名:中国近代法律思想与法制革新     索取号:D909.25/JY56         预约/预借

序号 登录号 条形码 馆藏地/架位号 状态 备注
1 7812808   278128081   学院路分馆/ [索取号:D909.25/JY56] 在馆    
2 7812809   278128090   学院路分馆/ [索取号:D909.25/JY56] 在馆    
唐山师范学院图书馆 欢迎您!
大连网信软件有限公司© 版权所有